00897nam a2200253Ia 450000500170000000800270001702000180004408200160006210000220007824500920010025000180019230000180021049000190022850000420024750400370028965000540032665000530038065000540043326400330048733600270052033700330054733800280058004000350060820220317000352.0141031s9999 ck 000 0 spa d a978958303458904a923.2bS18c1 aSáenz, Mauricio10aCaudillosben América Latina nada ha cambiado en doscientos años cMauricio Sáenz a1a. edición a303 páginas aAgenda de hoy  aIncluye datos biográficos del autor aBibliografía páginas 299-303142LEMBaPolíticoszAmérica LatinavBiografías142LEMBaDictadoreszAmérica LatinavBiografías142LEMBaPresidenteszAmérica LatinavBiografías aBogotábPanamericanac2010 atextobtxt2rdacontent asin mediaciónbn2rdamedia avolumenbnc2rdacarrier aCO-BoRNBPbspaerdacCO-BoRNBP